| 000 | 00898cab a2200265 4500 | ||
|---|---|---|---|
| 001 | ABS50262 | ||
| 008 | 090401t1994 xxu||||| |||| 00| 0 eng d | ||
| 035 | _a(Sirsi) u74931 | ||
| 041 | _aeng | ||
| 100 | _aStephenson, K. | ||
| 245 | _aHealthy news for property? | ||
| 260 | _c1994 | ||
| 350 | _a0 | ||
| 490 |
_aSolicitors` Journal _v138(9) 11 March 1994, 242(1) |
||
| 520 | _aExamines the issues involved in and opportunities offered by the National Health Service shake-up and NHS Trusts Discusses the advantages and disadvantages for the property market and for property consultants. | ||
| 650 | _aDISTRICT HEALTH AUTHORITIES | ||
| 650 | _aHOSPITAL PROPERTY | ||
| 650 | _aNHS PROPERTY | ||
| 650 | _aNHS TRUSTS | ||
| 650 | _aREGIONAL HEALTH AUTHORITIES | ||
| 650 | _aWEATHERALL GREEN AND SMITH | ||
| 690 | _aCOMMERCIAL PROPERTY-MANAGEMENT | ||
| 942 | _n0 | ||
| 948 | _c04/03/1997 | ||
| 999 |
_c47209 _d47209 |
||